| 000 | 00538nam a2200157 4500 | ||
|---|---|---|---|
| 008 | 160430b xxu||||| |||| 00| 0 eng d | ||
| 020 | _a9715844693 | ||
| 082 |
_22006 _aDFil 425 _bSe3e |
||
| 100 |
_96987 _aSebastian, Evelyn L. |
||
| 245 |
_aEnglish proficiency instruction 1/ _cEvelyn L. Sebastian. |
||
| 260 |
_aQuezon City: _bC & E Publishing, Inc., _cc2006. |
||
| 300 |
_a133 pages: _billustrations; _c26 cm. |
||
| 500 | _aIncludes glossary, bibliographical references. | ||
| 650 | 0 |
_96992 _aEnglish language _xGrammar |
|
| 942 |
_2ddc _cDFIL |
||
| 999 |
_c2151 _d2151 |
||